000 00782nam a2200241Ia 4500
003 OSt
005 20220923223715.0
006 a|||||r|||| 00| 0
007 ta
008 220922b |||||||| |||| 00| 0 hin d
024 _a220,382
037 _cTextual
040 _aARTS
_cARTS
_bhin
041 _2hin
_ahin
082 _aR65,6:g, 152N0
100 _aमिश्र, आर पी
245 0 _aभगवद्गीता में स्थितप्रज्ञता का आदर्श
246 _aBhagavadgītā mean sthitapragnatā kā ādarsha
260 _aदिल्ली
_b क्लासिकल
_c1990
300 _a180i`
_ccm.
942 _hR65,6:g, 152N0
_cTEXL
_2CC
999 _c366855
_d366855